000 01250cam a22003737a 4500
001 000072727
003 CHAP
005 20220329141538.0
008 971013s1989 r 00010 d
010 _a69962
011 _a70934
035 _a80488
040 _cCHAP
090 _aTesis
100 0 0 _aCastillo Martínez, Roberta.
_920172
245 0 _aMorfología y fenología de Vanilla planifolia en Papantla, Ver.
260 _aMontecillo, Méx. :
_bEl autor,
_c1989.
300 _a88 h. :
_b: ilus.
502 _aTesis (Maestro en ciencias esp. en Botánica) -- CP. Centro de Botánica
590 _aALEPH
_b10
_c20130110
_lUCH01
_h1409
590 _aBATCH-UPD
_b10
_c20130110
_lUCH01
_h0403
590 _aBATCH-UPD
_b10
_c20130110
_lUCH01
_h2353
590 _aBATCH-UPD
_b10
_c20130410
_lUCH01
_h0036
590 _aBATCH-UPD
_b10
_c20130410
_lUCH01
_h1640
590 _aBATCH-UPD
_b10
_c20130914
_lUCH01
_h2100
590 _aCONVERSION
_b10
_c20130109
_lUCH01
_h1338
590 _aE11695DGD
_b10
_c20130912
_lUCH01
_h1041
650 1 4 _aVainilla
_xEfecto del medio ambiente.
_9117197
650 1 4 _aVainilla
_xFisiología y morfología.
_9117201
901 _aBK
942 _cTESIS
942 _n0
949 _bBC
_cTES
_d-33391
_eTS1
_h21313
_i80488
_si
999 _c69962
_d69962